000 00209nam a2200085Ia 4500
008 120527s9999 xx 000 0 und d
100 _aGubrium & Holstein
245 _aCouples, kind and faimily life
942 _cBK
999 _c27743
_d27743